Tài liệu tham khảo về phòng chống tham nhũng

Guardat en:
Dades bibliogràfiques
Format: Sách
Idioma:Undetermined
Publicat:  Chính trị Quốc gia - Sự thật  2013
Matèries:
Etiquetes: Afegir etiqueta
Sense etiquetes, Sigues el primer a etiquetar aquest registre!
Thư viện lưu trữ: Trung tâm Thư viện - Trường Đại học Công nghiệp TP. Hồ Chí Minh
LEADER 00463nam a2200133Ia 4500
001 UIH_02889
008 231011s9999 xx 000 0 und d
082 |a  353.46 
245 0 |a  Tài liệu tham khảo về phòng chống tham nhũng 
260 |b  Chính trị Quốc gia - Sự thật 
260 |c  2013 
650 |a  Tham nhũng;  
927 |a Sách 
980 |a Trung tâm Thư viện - Trường Đại học Công nghiệp TP. Hồ Chí Minh